|
|
|
|
| LEADER |
00000nam0a2200000 4500 |
| 001 |
119289 |
| 005 |
20231101215530.0 |
| 035 |
|
|
|a (RuTPU)RU\TPU\book\129092
|
| 090 |
|
|
|a 119289
|
| 100 |
|
|
|a 20070628d1959 k y0rusy50 ca
|
| 101 |
0 |
|
|a rus
|
| 102 |
|
|
|a UA
|
| 105 |
|
|
|a a z 001zy
|
| 200 |
1 |
|
|a Исследование тепловых явлений при шлифовании металлов
|f А. Я. Алябьев
|g Киевский институт гражданского воздушного флота; под ред. Б. И. Костецкого
|
| 210 |
|
|
|a Киев
|c Изд-во КИ ГВФ
|d 1959
|
| 215 |
|
|
|a 14 с.
|c ил.
|
| 320 |
|
|
|a Литература: с. 15.
|
| 610 |
1 |
|
|a исследование
|
| 610 |
1 |
|
|a тепловые явления
|
| 610 |
1 |
|
|a шлифование
|
| 610 |
1 |
|
|a металлы
|
| 675 |
|
|
|a 621.924
|v 3
|
| 700 |
|
1 |
|a Алябьев
|b А. Я.
|
| 702 |
|
1 |
|a Костецкий
|b Б. И.
|4 340
|
| 712 |
0 |
2 |
|a Киевский институт гражданского воздушного флота
|2 stltpush
|3 (RuTPU)RU\TPU\col\11488
|9 25128
|
| 801 |
|
1 |
|a RU
|b 63413507
|c 20070628
|g PSBO
|
| 801 |
|
2 |
|a RU
|b 63413507
|c 20081005
|g PSBO
|
| 942 |
|
|
|c BK
|